000 00969nam a2200241 i 4500
001 185795
003 ES-MaACL
005 20251014063301.0
008 160810s1957 sp |||| | spa d
080 _a821.111-31"19"
100 1 _aChristie, Agatha,
_d1890-1976
_938657
245 1 3 _aLa venganza de Nofret ; Cita con la muerte ; Un puñado de centeno ; Inntriga en Bagdad ; La muerte visita al dentista /
_cAgatha Christie ; prólogo de Salvador Bordoy Luque ; [traducción de Inés Cortés Brover (i.e. Bover) ... et al.].
260 _aMadrid :
_bAguilar,
_c1957.
300 _a1056 p. :
_b1 retr. ;
_c18 cm.
490 1 _aObras escogidas / Agatha Christie ;
_v2
490 1 _aEl lince astuto
700 1 _aBordoy Luque, Salvador.
_930424
700 1 _aCortés Bover, Inés.
_9164650
830 0 _aObras escogidas / Agatha Christie ;
_v2
_9192407
830 0 _aEl lince astuto
_9186549
852 _aES-MaACL
_jC-13765
999 _c185795
_d185795